LEADER 00473nab a2200145 i 4500 001 000000273127 003 CaOOAMICUS 005 20180831164931.0 008 180831n xx uu u0 0und r 013 $a21271 040 $aSeMil$bita 245 10$a[vedi periodico]. 500 $aOttobre-Dicembre 2009. 773 0 $tRosario tra devozione e riflessione.$dBologna : ESD, copyr. 2009 (stampa 2010)$z978-88-7094-760-1$w()190048 996 $6245$a[vedi periodico]$9(OLS)http://semarc/title/309439 LEADER 00995nam a2200217 i 4500 001 000000187537 003 CaOOAMICUS 005 20100318000000.0 008 100318s1948 it u000 u spa u 013 $a165628 040 $aSeMil$bita 110 2 $aConsejo Superior de Investigaciones Cientificas .$0(OLS)http://semarc/name/1921 245 10$aEspaña y los seminarios tridentinos /$cConsejo Superior de Investigaciones Cientificas. Instituto Enrique Flórez ; por Manuel Fernández-Conde. 260 $aMadrid :$b[s.n.],$c1948. 300 $a93 p. ;$c24 cm. 500 $aSul front : Dedica autografa dell'autore a Mons. Giovanni Battista Montini. 700 1 $aFernández-Conde, Manuel.$0(OLS)http://semarc/name/26864 850 $aSeMil 852 $aSeMil$W1$xVenegono$y1$m3G III 70$j138224$B138224$CSeMilBibl$Z2$F149670 $81 996 $6245$aEspaña y los seminarios tridentinos$9(OLS)http://semarc/title/269808 996 $6260$aMadrid :$b[s.n.]$9(OLS)http://semarc/publisher/30474